000 00247nam a2200097Ia 4500
005 20251222175819.0
008 251222s9999||||xx |||||||||||||| ||spa||
082 _aDVD0070/R71/1995
245 0 _aMientras estés conmigo:Dead Man Walking
942 _cDVD
999 _c40444
_d40444